| 000 | 00364nam a2200145 4500 | ||
|---|---|---|---|
| 008 | 170310s2009||||xo d | ||
| 245 | 1 | 0 | _aKultúra, osveta, turizmus |
| 250 | _a1. vydanie | ||
| 260 |
_bNárodné osvetové centrum _aBratislava _c2009 |
||
| 300 | _a137 s. | ||
| 020 |
_a978-80-7121-316-1 _c0 |
||
| 041 | 1 | _aslo | |
| 044 |
_axo _cSK |
||
| 958 | _aAPR | ||
| 999 |
_c21362 _d21362 |
||